| 000 | 00365 a2200157 4500 | ||
|---|---|---|---|
| 999 |
_c12865 _d12865 |
||
| 003 | OSt | ||
| 005 | 20240729171231.0 | ||
| 008 | 240729b ||||| |||| 00| 0 eng d | ||
| 020 | _a9783836588065 | ||
| 082 | _a302 | ||
| 100 | _aJens Muller | ||
| 245 | _aThe History of Graphic Design | ||
| 260 |
_b Taschen America Llc _c 2022 |
||
| 300 | _a1982p; | ||
| 942 | _2ddc | ||